Music Quiz

Random Music or Album Quiz

AC/DC Black Ice Track List Quiz Stats

 Plays Quiz not verified by Sporcle

Challenge
Share
Tweet
Embed
Score 0/15 Timer 15:00
0 Plays Today
No. Song % Correct
1Rock N Roll Train
97.7%
15Black Ice
97.7%
5War Machine
88.4%
4Anything Goes
86%
2Skies on Fire
83.7%
3Big Jack
83.7%
7Spoilin for a Fight
79.1%
8Wheels
79.1%
No. Song % Correct
9Decibel
74.4%
10Stormy May Day
74.4%
11She Likes Rock N Roll
72.1%
13Rock N Roll Dream
72.1%
6Smash N Grab
65.1%
12Money Made
62.8%
14Rocking All the Way
53.5%

You're not logged in!

Compare scores with friends on all Sporcle quizzes.
Join for Free
OR
Log In

You Might Also Like...

Show Comments

Extras

Created Jan 19, 2011ReportNominate
Tags:Album Quiz, Song Quiz, black, ice, length, track

Top Quizzes Today


Score Distribution

Your Account Isn't Verified!

In order to create a playlist on Sporcle, you need to verify the email address you used during registration. Go to your Sporcle Settings to finish the process.

Report this User

Report this user for behavior that violates our Community Guidelines.

Details: